00837nam a2200241 i 450000100060000000300090000600500170001500700030003200800410003502000180007610000390009424501130013326000330024630000220027949000280030150000120032950400200034170000260036183000360038785200330042399900170045695201220047333209ES-MaACL20250907063037.0t|030201s1977 fr ||||1| fre d a2-264-00131-31 aBerenguer, Ángel, d1943-92787913aL'exit et la ceremonie b: le premier théatre d'Arrabal / cpar Angel Berenguer ; preface de Bernard Dort. a[S.l.] : bInédit, c1977. a385 p. ; c18 cm.1 amonde en 10/18 ; v1128 aIndice. aBibliografía.1 aDort, Bernard.9454380 amonde en 10/18 ; v11289177593 aES-MaACLjL-11290 bR.113032 c33209d33209 00104070aATENEOMbATENEOMcDEPO2d2008-01-17eSCl0oL-11290p1034525r2023-02-23 00:00:00w2023-02-23yMONOGRAFIA